000 00291nam a2200121Ia 4500
008 190216s9999||||xx |||||||||||||| ||und||
100 _aMunkres R. James
245 0 _aTopology A First Course
260 _bPrentice Hall India
_c1999
300 _a414
650 _aMathematics
942 _cBK
999 _c31134
_d31134